000 00368nam a22001577a 4500
008 240909b ||||| |||| 00| 0 eng d
020 _a9788126723454
041 _ahin
082 _a891.4310
_bNAS
100 _aNarain, Kunwar
245 _aShabd Aur Deshkal
260 _aNew Delhi
_bRajkamal Prakashan
_c2022
300 _a127p.
650 _aHINDI
942 _cBK
999 _c48668
_d48668